| 000 | 00463nam a2200181 a 4500 | ||
|---|---|---|---|
| 001 | 758 | ||
| 003 | CDMR | ||
| 005 | 20131022114254.0 | ||
| 008 | 130130s1986||||||||||||||||||||||||||||d | ||
| 020 | _a8486556155 | ||
| 040 |
_aCDMR _bcat _cCDMR |
||
| 100 | 1 |
_aMallas i Casas, Santiago _9586 |
|
| 245 | 1 | 0 |
_aDidáctica del vídeo _cSantiago Mallas i Casas |
| 260 |
_aBarcelona _c1986 _bAlta Fulla |
||
| 300 | _a59 p. | ||
| 490 | 0 |
_aVídeo i educació _v2 |
|
| 942 |
_cMON _2udc |
||
| 999 |
_c758 _d758 |
||